| 000 | 00803nam a2200205 a 4500 | ||
|---|---|---|---|
| 001 | 000027230 | ||
| 005 | 20250227073849.0 | ||
| 008 | 110330s2003 dr ac 000 0 spa d | ||
| 020 | _a9993491349 | ||
| 040 |
_aDO-SdBNP _bspa _cBNPHU |
||
| 082 |
_axxx _bA347 |
||
| 100 | 1 |
_aAlcántara Almánzar, José _d1946- _97018 |
|
| 245 | 1 | 0 |
_aHuella y memoria : _bE. León Jimenes : un siglo en el camino nacional 1903-2003 / _cJóse Alcántara Almánzar, Ida Hernández Caamaño ; presentación José A. León Asensio. |
| 260 |
_aSanto Domingo : _bGrupo León Jimenes, _c2003. |
||
| 300 |
_a447 p. : _bil., retrs. ; _c33 cm. |
||
| 490 | 1 | _aCentenario Grupo León Jimenes | |
| 700 | 1 |
_aHernández Caamaño, Ida _954293 |
|
| 700 | 1 |
_aLeón Asensio, José A. _954294 |
|
| 830 | 0 |
_aCenternario Grupo León Jimenes _954295 |
|
| 999 |
_c26722 _d26722 |
||